Statistics for Can you name all the top 50 smallest countries in the world?

Click here to take the quiz!

General Stats

  • This quiz has been taken 107 times
  • The average score is 38 of 50

Answer Stats

AreaAnswer% Correct
0.44 kmVatican City
94%
61 kmSan Marino
92%
616 kmSt Lucia
89%
26 kmTuvalu
89%
468 kmAndorra
88%
18,274 kmFiji
87%
460 kmPalau
87%
269 kmSt Kitts and Nevis
87%
389 kmSt Vincent and the Grenadines
87%
160 kmLiechtenstein
85%
12,189 kmVanuatu
85%
751 kmDominica
84%
344 kmGrenada
84%
2,586 kmLuxembourg
84%
181 kmMarshall Islands
84%
2.02 kmMonaco
84%
21 kmNauru
84%
747 kmTonga
84%
442 kmAntigua and Barbuda
83%
430 kmBarbados
83%
2,842 kmSamoa
82%
455 kmSeychelles
82%
5,131 kmTrinidad and Tobago
82%
702 kmMicronesia
81%
780 kmBahrain
79%
4,033 kmCape Verde
79%
300 kmMaldives
79%
316 kmMalta
79%
10,991 kmJamaica
76%
811 kmKiribati
76%
13,878 kmBahamas
75%
5,765 kmBrunei
75%
2,235 kmComoros
75%
1,001 kmSão Tomé and Príncipe
75%
719 kmSingapore
75%
2,040 kmMauritius
74%
11,586 kmQatar
74%
22,966 kmBelize
73%
9,250 kmCyprus
72%
17,818 kmKuwait
70%
10,887 kmKosovo
64%
17,364 kmEswatini
62%
20,770 kmIsrael
62%
10,452 kmLebanon
62%
14,874 kmTimor-Leste
60%
13,812 kmMontenegro
55%
11,295 kmGambia
52%
21,041 kmEl Salvador
51%
20,273 kmSlovenia
40%
6,220 kmPalestine
15%

Score Distribution

Percentile by Number Answered

Percent of People with Each Score

Your Score History

You have not taken this quiz